Agrochemistry of the soils of the USSR (Record no. 39125)
[ view plain ]
| 000 -LEADER | |
|---|---|
| fixed length control field | 00336nam a2200121Ia 4500 |
| 082 ## - DEWEY DECIMAL CLASSIFICATION NUMBER | |
| Classification number | 631.4(47+57) |
| Item number | SOK |
| 245 #0 - TITLE STATEMENT | |
| Title | Agrochemistry of the soils of the USSR |
| 260 ## - PUBLICATION, DISTRIBUTION, ETC. (IMPRINT) | |
| Place of publication | Jerusalem |
| Name of publisher | Israel prog for Sc Translation |
| Year of publication | 1972 |
| 650 ## - SUBJECT ADDED ENTRY--TOPICAL TERM | |
| Topical Term | USSR Soils |
| 700 ## - ADDED ENTRY--PERSONAL NAME | |
| Personal name | SOKOLOV, A V |
| 942 ## - ADDED ENTRY ELEMENTS (KOHA) | |
| Koha item type | Books |
| Withdrawn status | Lost status | Damaged status | Not for loan | Home library | Current library | Date acquired | Full call number | Accession Number | Koha item type |
|---|---|---|---|---|---|---|---|---|---|
| RRII Library | RRII Library | 16/12/2021 | 631.4(47+57) SOK | 19470 | Books |